00541 2200205 4500001002100000005001500021035002000036007000300056008004100059020002200100082001100122084001700133100001200150245004300162260004600205300004100251650001300292650001000305990002000315INLIS00000000000299720260512074214 a0010-0526000088ta260512 f 0 ind  a978-623-515-239-4 a778.59 a778.59 MUS b0 aMusriah1 aBuku Sakti Editing Video Dengan CapCut aYogyakarta :bAnak Hebat Indonesia,c2025 ax + 182 hlm. :bilus. ;c14 x 20 cm. 4aAplikasi 4aVideo a20260514.06.004